000 004300000a22001690004500
003 MACL
005 20160105150800.0
008 160105b xxu||||| |||| 00| 0 eng d
040 _aMACL
_cMACL
041 _aEnglish
082 _a824/CHA
100 _aChand, Tara
_924423
245 _aInfluence of Islam on Indian Culture
260 _bThe Indian Press
_c1946
_aAllahabad
650 _aEssays
_928117
942 _cBK
_k824/CHA
_2ddc
999 _c34472
_d34472